| 000 | 00490nam a2200169Ia 4500 | ||
|---|---|---|---|
| 999 |
_c1185 _d1185 |
||
| 003 | OSt | ||
| 005 | 20221109115025.0 | ||
| 008 | 190216s9999||||xx |||||||||||||| ||und|| | ||
| 040 | _coclc | ||
| 082 |
_a574.5 _bODU/E |
||
| 100 | 1 |
_aOdum, Eugene P. _q(Eugene Pleasants), _d1913-2002 _94888 |
|
| 245 | 0 |
_aEcology / _cEugene P Odum |
|
| 260 |
_bAmerind Publishing, _c1963. _aNew Delhi: |
||
| 300 | _a152p | ||
| 650 | _aBotany | ||
| 942 |
_cBK _2ddc _h574.5 _iODU/E _k574.5 _mODU/E |
||